| 000 | 00683cam a22002295i 4500 | ||
|---|---|---|---|
| 008 | |||
| 020 | _a9780797481336 (pbk.) | ||
| 049 | _aMAIN | ||
| 090 |
_aKD2153 _bMUC |
||
| 100 | 1 | _aMucheche, Caleb H. | |
| 245 | 1 | 0 |
_aInsolvency law in Zimbabwe / _cCaleb H. Mucheche. |
| 250 | _a2nd ed. | ||
| 264 | 1 |
_aHarare, Zimbabwe : _bZimlaw Trust, African Legal Resources Dominion, _c2017. |
|
| 300 |
_a183 p. ; _c28 cm. |
||
| 504 | _aIncludes bibliographical references. | ||
| 650 |
_aBankruptcy _zZimbabwe. |
||
| 907 |
_a.b10395611 _b17-12-18 _c17-12-18 |
||
| 003 | |||
| 005 | 20230123141133.0 | ||
| 040 | _cNUST | ||
| 942 |
_cBOOKS _kKD2153 _mMUC |
||
| 999 |
_c168313 _d168313 |
||